Open Data Biblioteca Nacional de Portugal


República Portuguesa: Ministério da Cultura
Biblioteca Nacional de Portugal

Catálogo da BNP: acesso por Identificadores Unívocos
Registos Bibliográficos associados ao registo de autoridade

Etiqueta de registo: 00000nam 2200025 450
001 2285722
003 http://id.bnportugal.gov.pt/bib/catbnp/2285722
100 ## $a20260505d2026 k y0pory01030103ba
101 0# $apor$deng
102 ## $aPT
105 ## $aa m 000yy
106 ## $ar
200 1# $aRevistas de estilo de vida, pbjetificação do corpo e ateto transmédia$esentidos, discursos e interseccionalidades$fPedro Eduardo Ribeiro$gorient. Rosa Cabecinhas
210 #9 $a[S.l.$cs.n.],$d2026
215 ## $aXIV, 475 p.$cil.$d30 cm
328 #1 $aTese dout. Ciências da Comunicação, Instituto de Ciências Sociais, Universidade do Minho, 2026
700 #1 $aRibeiro,$bPedro Eduardo Oliveira$31997620
702 #1 $aCabecinhas,$bRosa$4727$3165484
801 #0 $aPT$bBN$gRPC
966 ## $lBN$mFGMON$x1
971 ## $corlando$d20260505

OpendataBNP@bnportugal.pt | Mais informação sobre acesso aos dados BNP